000 00279nam a22001337a 4500
008 181011b xxu||||| |||| 00| 0 eng d
020 _a0471806838
041 _aeng
080 _a541
100 _a12
101 _aKIM
245 _aGeneral Chemistry
_cBrady
942 _2udc
_cBK
999 _c49379
_d49379